000
00333 a2200157 4500
001
62841
020
_a
9788516094683
040
_c
Anchieta - Pituba
100
_a
Dollore, Cesar Brumini
240
1
0
_a
Geografia 7
_l
por
245
1
0
_a
Geografia 7
300
_a
280
362
0
_a
2014
650
4
_a
Geografia e viagens
942
_c
BK
999
_c
62841
_d
62841